000 00312nam a22001337a 4500
008 170126b xxu||||| |||| 00| 0 eng d
020 _a9781416047667
041 _aeng
080 _27TH
_a61
100 _a3
101 _aSHM
245 _aCLINICAL PROCEDURES FOR MEDICAL ASSISTANTS
_cWEST, K.B
942 _2udc
_cBK
999 _c3825
_d3825